000 00629nam a2200181Ia 4500
008 240729s9999 xx 000 0 und d
022 _a2572-5084
245 0 _aJournal of International Maritime Safety, Environmental Affairs, and Shipping
260 _aUnited Kingdom
260 _bTaylor & Francis Group
650 _a Environmental pollution | Naval Science
650 _a Environmental technology. Sanitary engineering
650 _a Naval architecture. Shipbuilding. Marine engineering
650 _aTechnology
856 _uhttps://doaj.org/toc/74c9e01527bf4c86a3cfad1158279b03
942 _2ddc
942 _cDOAJEJ
999 _c66373
_d66373
945 _a1
_bMadushi Gamage
_c1
_dMadushi Gamage